| Tag |
First Indicator |
Second Indicator |
Subfields |
| LEADER |
00000cam a2200000 4500 |
| 001 |
in00001892621 |
| 006 |
m | d | |
| 007 |
cr |n||||||||n |
| 008 |
811117s1717 xxu|||| s 00| | eng d |
| 005 |
20260406212644.3 |
| 035 |
|
|
|a (CStRLIN)ESTCW12224
|
| 040 |
|
|
|a MWA
|c MWA
|d Cu-RivES
|d CStRLIN
|d Thomson Gale
|d UtOrBLW
|
| 100 |
1 |
|
|a Cutler, Timothy,
|d 1684-1765.
|
| 245 |
1 |
4 |
|a The firm union of a people represented; and a concern for it, urged; upon all orders and degrees of men :
|b in a sermon preached before the General Assembly of the colony of Connecticut, at Hartford, May 9. 1717. The day for electing the honourable the governour, the deputy governour, and the worshipful the Assistants there. By Timothy Cutler, M.A. Pastor of the church in Stratford. Published by order of authority.
|
| 264 |
|
3 |
|a New-London [Conn.] :
|b Printed and sold by Timothy Green, printer to His Honour the governour, and Council,
|c 1717.
|
| 300 |
|
|
|a 2 unnumbered pages, 65, 1 unnumbered page ;
|c 8⁰.
|
| 336 |
|
|
|a text
|b txt
|2 rdacontent
|
| 337 |
|
|
|a computer
|b c
|2 rdamedia
|
| 338 |
|
|
|a online resource
|b cr
|2 rdacarrier
|
| 500 |
|
|
|a Running title: An election sermon.
|
| 500 |
|
|
|a "Advertisement. This sermon is also bound up, with the four preceding election sermons; and to be sold by T. Green, at New-London, near the Meeting House. 1717."--page [66].
|
| 500 |
|
|
|a Reproduction of original from the Library of Congress.
|
| 510 |
4 |
|
|a Evans,
|c 1878
|
| 510 |
4 |
|
|a Trumbull, J.H. Connecticut,
|c 530
|
| 510 |
4 |
|
|a Johnson, H.A. New London,
|c 79
|
| 510 |
4 |
|
|a English Short Title Catalog,
|c ESTCW12224.
|
| 533 |
|
|
|a Electronic reproduction.
|b Farmington Hills, Mich. :
|c Thomson Gale,
|d 2003.
|n Available via the World Wide Web.
|n Access limited by licensing agreements
|7 s2003 miunns
|
| 500 |
|
|
|a Electronic resource.
|
| 710 |
1 |
|
|a Connecticut.
|b General Assembly,
|e author.
|
| 830 |
|
0 |
|a Eighteenth century collections online.
|
| 856 |
4 |
0 |
|u http://proxy.library.tamu.edu/login?url=https://galenet.galegroup.com/servlet/ECCO?c=1&stp=Author&ste=11&af=BN&ae=W012224&tiPG=1&dd=0&dc=flc&docNum=CW107697762&vrsn=1.0&srchtp=a&d4=0.33&n=10&SU=0LRL+OR+0LRI&locID=txshracd2898
|z Full text online
|t 0
|
| 999 |
|
|
|a MARS
|
| 999 |
f |
f |
|s a46579e3-6880-3a39-be79-c210b54010ce
|i 048faa15-47de-379c-85f0-51485d7908b9
|t 0
|
| 952 |
f |
f |
|a Texas A&M University
|b College Station
|c Electronic Resources
|s www_evans
|d Available Online
|t 0
|h No information provided
|
| 998 |
f |
f |
|t 0
|l Available Online
|